000 00332nam a2200145Ia 4500
003 OSt
005 20240301163037.0
008 170524s9999 xx 000 0 und d
020 _a978-8173912795
040 _ciimtu meerut
100 _aHOUGH- GEORGE A
245 0 _aNEWS WRITING
260 _bNEW DELHI: KANISHKA
942 _2ddc
_c02
999 _c9351
_d9351